Free (barbie) - lyrics - Statistics

General Stats
  • This quiz has been taken 68 times
  • The average score is 216 of 269
Answer Stats
Answer % Correct
A
100%
And
100%
Free
100%
I
100%
My
100%
To
100%
Be
96%
Me
96%
No
96%
On
96%
All
92%
Can
92%
All
92%
Do
92%
For
92%
I've
92%
Stay
92%
Things
92%
When
92%
Would
92%
Day
88%
Fly
88%
From
88%
In
88%
It
88%
Just
88%
Life
88%
Myself
88%
One
88%
The
88%
Thousand
88%
Try
88%
Always
84%
Crazy
84%
Feel
84%
Have
84%
Nothing
84%
Right
84%
Sing
84%
That
84%
Wanted
84%
Away
80%
But
80%
Choose
80%
Close
80%
Debt
80%
Endless
80%
Eyes
80%
I'll
80%
Like
80%
Marry
80%
Now
80%
Of
80%
Or
80%
So
80%
You
80%
Could
76%
Hear
76%
Miles
76%
Need
76%
Pay
76%
She
76%
Take
76%
Tells
76%
Whom
76%
Eat
72%
Every
72%
Forever
72%
Gown
72%
I.O.Us
72%
Once
72%
What
72%
With
72%
Along
68%
Come
68%
Flight
68%
May
68%
More
68%
Read
68%
Say
68%
Shelf
68%
Way
68%
Your
68%
Crochet
64%
Duty
64%
Hems
64%
List
64%
Lords
64%
Lunches
64%
Many
64%
Never
64%
Nowhere
64%
Parent's
64%
Regret
64%
Remain
64%
Royal
64%
Soon
64%
Stitches
64%
Think
64%
To-do
64%
Up
64%
Well
64%
Work
64%
Conscience
60%
Doing
60%
Heart
60%
I'm
60%
Leave
60%
Means
60%
Pile
60%
Repay
60%
Song
60%
Will
60%
World
60%
Believing
56%
Comes
56%
Dreams
56%
Fear
56%
Know
56%
Lessons
56%
Little
56%
Present
56%
Stop
56%
Strings
56%
Waking
56%
Wedding
56%
Around
52%
Disarray
52%
Gowns
52%
Lucky
52%
Realizing
52%
Schemes
52%
Than
52%
There's
52%
Determination's
48%
Gather
48%
Living
48%
People
48%
Seams
48%
Strong
48%
Threads
48%
Pressing
44%
Sleeves
44%
Gloves
40%
Though
40%
No matching quizzes found
Score Distribution
Percent of People with Each Score
Percentile by Number Answered
Your Score History
You have not taken this quiz